000 00436nam a22001697a 4500
003 macl
005 20161104151524.0
008 161104b xxu||||| |||| 00| 0 eng d
040 _cmacl
041 _aEnglish
082 _a004
100 _aSarswat,Swati
_966289
245 _aObjective computer Awarenesss for competitive Examination
260 _aDehli
_bBSC Pub.Co PVT.LMT.
_c2004
650 _acoputer
_966290
942 _2ddc
_cBK
999 _c55611
_d55611